000 00842nam a22002297a 4500
999 _c2978
_d2978
003 AR-CdUCM
008 190305b ||||| |||| 00| 0 spa d
040 _aMUNICIPALIDAD PROVINCIAL DEL CUSCO
_cBIBLIOTECA MUNICIPAL DEL CUSCO
082 _a372.49 /
_bC47
100 _aCevallos Gonzáles, Julio Cesar
_910172
245 _aGente menuda :
_bCuentos escolares del tío Chechi /
260 _aCusco :
_bEditorial Cultura Andina,
_c1973.
300 _a113 Páginas ;
_c20 cm.
440 _aColeccion Gente Menuda - I libro
_910173
505 _aContenido: La recogida -- El rataplán -- El pequeño panadero -- La maestra nueva -- El ciego Bermúdez -- La negra pirinola...
650 _aCuentos populares
_93184
650 _aEscolar
_94628
650 _aInfantil
_96210
650 _aLiteratura
_983
942 _2ddc
_cLIBROS
945 _adavv